Collins Maths dictionary

Bibliographic Details
Main Author: Broadbent, Paul
Other Authors: Herbert-Liew, Liew
Format: Book
Published: Glasgow : Collins , 2018
Subjects:

MARC

LEADER 00000cam a2200000 7i4500
001 0000229155
005 20181203.0
020 |a 9780008212377 
090 0 0 |a 510.3   |b BRO 
100 1 |a Broadbent, Paul 
245 1 0 |a Collins Maths dictionary   |c Paul Broadbent ; illustrated by Maria Herbert-Liew 
260 |a Glasgow :   |b Collins ,   |c 2018 
300 |a 144 p. :   |b ill. ;   |c 25cm. 
521 |a Aged 7+ 
650 0 |a Mathematics   |v Dictionaries   |v Juvenile literature 
700 1 |a Herbert-Liew, Liew 
999 |a 00360618   |b BUKU   |c JUNIOR BOOKS   |e PERPUSTAKAAN KOMUNITI PETALING JAYA